| 000 | 00444pab a2200169 454500 | ||
|---|---|---|---|
| 008 | 180718b2017 xxu||||| |||| 00| 0 eng d | ||
| 100 | _aGahan, Peter et al | ||
| 245 | _aThe ageing workforce: policy dilemmas and choices | ||
| 260 | _c2017 | ||
| 300 | _ap.511-523. | ||
| 362 | _aDec | ||
| 650 | _aEmployment - Policy | ||
| 650 | _aAgeing | ||
| 650 | _aOld age | ||
| 773 | _aAustralian Journal of Public Administration | ||
| 909 | _a117206 | ||
| 999 |
_c117200 _d117200 |
||